Ensayos jurídicos
Uloženo v:
| Hlavní autor: | |
|---|---|
| Médium: | Kniha |
| Jazyk: | španělština |
| Vydáno: |
Ciudad de México
UNAM
1960
|
| Témata: | |
| Tagy: |
Přidat tag
Žádné tagy, Buďte první, kdo vytvoří štítek k tomuto záznamu!
|
MARC
| LEADER | 00000nam a2200000 a 4500 | ||
|---|---|---|---|
| 001 | UCR4193 | ||
| 003 | CL-VaPUC | ||
| 008 | 980307e19600000MX |||||||||||||||||spa|d | ||
| 082 | 0 | 4 | |a 340.02 |b EST |2 21 |
| 100 | 0 | |a Esteva Ruiz, Roberto A |e author |9 403920 | |
| 245 | 1 | 0 | |a Ensayos jurídicos |
| 300 | |a 499 p | ||
| 942 | |c BK | ||
| 945 | |d 19980307 00:00:00 |a cmena | ||
| 260 | |a Ciudad de México |b UNAM |c 1960 | ||
| 500 | |a Donación del padre Enrique Pascal García Huidobro | ||
| 650 | 7 | |a DERECHO |2 CL-VaPUC |9 403921 | |
| 650 | 0 | |a Filosofía del derecho |9 255050 | |
| 650 | 0 | |a Derecho comercial |9 256340 | |
| 650 | 7 | |a DERECHO INTERNACIONAL PUBLICO |2 CL-VaPUC |9 403922 | |
| 650 | 0 | |a Derecho mexicano |9 386946 | |
| 650 | 0 | |a Soberanía |9 266726 | |
| 651 | 0 | |a México |9 255269 | |
| 583 | |a last modification |c 19980307 00:00:00 |k Rodrigo Vera | ||
| 999 | |c 267144 |d 267142 | ||
| 952 | |0 0 |1 0 |4 0 |6 340_020000000000000_EST_1960 |7 0 |8 P |9 299339 |a BIBDER |b BIBDER |d 2019-11-20 |i 1958542 |o 340.02 EST 1960 |p 1958542 |r 2023-01-25 |w 2019-11-20 |y BK |k DER | ||